Zmluva o dodávke prieskumných projektových prác záverečná práca postgraduálneho štúdia

Gespeichert in:
Bibliographische Detailangaben
1. Verfasser: Boka, Pavel
Körperschaft: Vysoká škola ekonomická v Bratislave
Weitere Verfasser: Schultz, Ivan
Format: Buch
Sprache:Slowakisch
Veröffentlicht: Bratislava 1987
Tags: Tag hinzufügen
Keine Tags, Fügen Sie das erste Tag hinzu!

MARC

LEADER 00000nam a2200000 4500
001 c022909
005 20221219095538.5
041 0 |a slo 
044 |a SK 
245 1 0 |a Zmluva o dodávke prieskumných projektových prác  |b záverečná práca postgraduálneho štúdia  |c Pavel Boka ; Ved. práce Ivan Schultz 
264 1 |a Bratislava  |c 1987 
300 |a 35 s. 
100 1 |a Boka, Pavel 
700 1 |a Schultz, Ivan 
710 2 |a Vysoká škola ekonomická v Bratislave